Trends and Innovations in E-business, Education and Security proceedings : fourth international scientific videoconference of scientists and PhD. students or candidates : november 19, 2014, [Bratislava, Slovak Republic]

Gespeichert in:
Bibliographische Detailangaben
Körperschaften: Trends and innovations in e-business, education and security. International scientific videoconference of scientists and PhD. students or candidates, Fakulta hospodárskej informatiky EU. Katedra aplikovanej informatiky
Weitere Verfasser: Kristová, Gabriela, Schmidt, Peter, 1968-, Brixová, Janette, Szivósová, Mária, 1958-, Hudec, Miroslav, 1969-, Kultan, Jaroslav, 1960-
Format: Buch
Sprache:Englisch
Veröffentlicht: Bratislava Publishing house EKONÓM 2014
Ausgabe:1. vyd.
Schlagworte:
Tags: Tag hinzufügen
Keine Tags, Fügen Sie das erste Tag hinzu!

MARC

LEADER 00000nlm a2200000 4500
001 0198243
005 20240502073341.1
020 |a 978-80-225-3987-6 
041 0 |a eng 
044 |a SK 
245 1 0 |a Trends and Innovations in E-business, Education and Security  |b proceedings : fourth international scientific videoconference of scientists and PhD. students or candidates : november 19, 2014, [Bratislava, Slovak Republic]  |c edited: Gabriela Kristová, Peter Schmidt, Janette Brixová, Mária Szivósová ; reviewers: Miroslav Hudec, Jaroslav Kultan 
250 |a 1. vyd. 
264 1 |a Bratislava  |b Publishing house EKONÓM  |c 2014 
300 |a CD-ROM [112 s., 7,28 AH] 
610 2 0 |a podnikanie elektronické 
610 2 0 |a vzdelávanie elektronické 
610 2 0 |a bezpečnosť elektronická 
700 1 |a Kristová, Gabriela 
700 1 |a Schmidt, Peter, 1968- 
700 1 |a Brixová, Janette 
700 1 |a Szivósová, Mária, 1958- 
700 1 |a Hudec, Miroslav, 1969- 
700 1 |a Kultan, Jaroslav, 1960- 
110 2 |a Trends and innovations in e-business, education and security. International scientific videoconference of scientists and PhD. students or candidates 
710 2 |a Fakulta hospodárskej informatiky EU. Katedra aplikovanej informatiky